Finis les paroles - Nekfeu - Statistiques

Statistiques générales
  • Ce quiz a été pris 385 fois
  • Le résultat moyen est 5 sur 10
Statistiques - réponses
Hint Réponse % Correct
Vaut mieux avoir de sérieux amis que des amis... Sérieux
95%
un jour, tu me donneras ton oui et tu prendras mon... Nom
82%
Le premier sourire avant que tout se mette à dériver, la première blague.... Complice
62%
Les liens se font et se défont, les humains s'offensent et se.... Défoncent
48%
Les paysages sont désolés, pourtant les hommes n'ont pas d'... Excuses
35%
L'amour est une essence, la mort est une..... Naissance
34%
Tu m'aimes et tu me fais plus de mal que mon.... Ennemi
31%
Même avec les cordes vocales coupées, je serai un mec de.... Parole
30%
On ne se rend compte des choses qui comptent que quand on nous les.... Arrache
25%
L'amour c'est la guerre, pour ça qu'j'ai peur d'm'...... Engager
19%
Aucun quiz correspondant
Distribution des résultats
% des personnes avec chaque résultat
Percentile par nombre de réponses
Votre historique - résultats
Vous n’avez pas pris ce quiz